[Event "D-HS-MM Dresden (TU) 1-Augsburg (Uni) 1"]
[Site "Augsburg"]
[Date "2010.10.07"]
[Round "2.1"]
[White "Grimberg, Boris"]
[Black "Loxine, Iakov"]
[Result "1-0"]
[WhiteElo "2331"]
[BlackElo "2350"]
[PlyCount "151"]
[EventDate "2010.10.06"]

1. e4 c5 2. Nf3 Nc6 3. d4 cxd4 4. Nxd4 e5 5. Nb5 d6 6. c4 Be7 7. N1c3 a6 8. Na3
Be6 9. Nc2 Nf6 10. Bd3 Rc8 11. Nd5 O-O 12. O-O Nd7 13. b4 Bg5 14. Bb2 Ne7 15.
Qh5 h6 16. Qe2 Bxd5 17. cxd5 Nb6 18. a4 f5 19. a5 fxe4 20. Qxe4 Nbxd5 21. f4
Nf6 22. Qe1 Bxf4 23. g3 Ned5 24. gxf4 Nxf4 25. Rxf4 exf4 26. Qe6+ Kh8 27. Qh3
Nh7 28. Kf2 Kg8 29. Qe6+ Rf7 30. Rg1 Ng5 31. Rxg5 hxg5 32. Bg6 Rcc7 33. Qh3 Kf8
34. Nd4 Ke7 35. Nf5+ Rxf5 36. Qxf5 Qh8 37. Qxg5+ Kf8 38. Qxf4+ Kg8 39. Bd4 Qh6
40. Qxh6 gxh6 41. Be4 Rf7+ 42. Ke3 Re7 43. Kd3 Kf7 44. Bd5+ Kg6 45. Kc4 Rc7+
46. Kb3 Kf5 47. b5 axb5 48. Kb4 Rc1 49. Kxb5 Rb1+ 50. Kc4 Kg4 51. Be6+ Kf4 52.
Bd5 h5 53. Bb6 Ke5 54. Bxb7 d5+ 55. Kc5 Rc1+ 56. Kb5 Rb1+ 57. Kc6 d4 58. a6 d3
59. Ba5 Ra1 60. Bc3+ Ke6 61. Bxa1 d2 62. a7 d1=Q 63. a8=Q Qc2+ 64. Kb6 Qb1+ 65.
Kc7 Qc1+ 66. Bc6 Qc5 67. Kb7 Qb4+ 68. Ka6 Qa3+ 69. Kb6 Qe3+ 70. Kc7 Qf4+ 71.
Kb6 Qe3+ 72. Kb7 Qb3+ 73. Kc8 Kd6 74. Qb8+ Qxb8+ 75. Kxb8 Kxc6 76. h4 1-0

[Event "D-HS-MM Dresden (TU) 1-Augsburg (Uni) 1"]
[Site "Augsburg"]
[Date "2010.10.07"]
[Round "2.2"]
[White "Zwahr, Paul"]
[Black "Billing, Christian"]
[Result "0-1"]
[WhiteElo "2273"]
[BlackElo "2273"]
[PlyCount "116"]
[EventDate "2010.10.06"]

1. e4 e5 2. Nf3 Nf6 3. Nxe5 d6 4. Nf3 Nxe4 5. d4 d5 6. Bd3 Bd6 7. O-O O-O 8. c4
c6 9. Qc2 Re8 10. Nc3 Nf6 11. c5 Bc7 12. h3 b6 13. b4 a5 14. b5 bxc5 15. dxc5
cxb5 16. Nxb5 Ne4 17. Nfd4 Be5 18. Be3 Na6 19. a3 Qh4 20. Nf3 Qh5 21. Nxe5 Qxe5
22. f3 Ng3 23. Rfe1 Bf5 24. Nd6 Bxd3 25. Qxd3 Re6 26. Bf2 Ne2+ 27. Kf1 Nf4 28.
Qb5 Qg5 29. g3 Qh5 30. Rxe6 Qxh3+ 31. Ke1 Nxe6 32. Rd1 Nac7 33. Qd3 Rb8 34. Ke2
Rb2+ 35. Rd2 Rxd2+ 36. Qxd2 Qg2 37. Qb2 h6 38. Nf5 Kh7 39. c6 g6 40. Ne7 d4 41.
Qb8 Kg7 42. Qb3 Ng5 43. Nd5 a4 44. Qd3 Nxd5 45. Qxd4+ Nf6 46. Qe3 Qh3 47. g4
Qh2 48. Qd4 Ne6 49. Qc3 Nf4+ 50. Ke1 N4d5 51. Qd4 Qh1+ 52. Ke2 Qc1 53. Be1 Qxc6
54. Bd2 Qb5+ 55. Ke1 Qb3 56. Bc1 Qc3+ 57. Qxc3 Nxc3 58. Bb2 Nfd5 0-1

[Event "D-HS-MM Dresden (TU) 1-Augsburg (Uni) 1"]
[Site "Augsburg"]
[Date "2010.10.07"]
[Round "2.3"]
[White "Nuber, Korbinian"]
[Black "Hoffmann, Paul"]
[Result "1/2-1/2"]
[WhiteElo "2192"]
[BlackElo "2317"]
[PlyCount "141"]
[EventDate "2010.10.06"]

1. e4 e6 2. d4 d5 3. Bd3 c5 4. exd5 exd5 5. dxc5 Bxc5 6. Ne2 Ne7 7. O-O O-O 8.
Nbc3 a6 9. Nf4 g6 10. Be2 Be6 11. Bf3 Nbc6 12. Nfxd5 Nf5 13. Ne4 Bd4 14. Nf4
Bc4 15. Be2 b5 16. c3 Bg7 17. Qxd8 Raxd8 18. Ng3 Nd6 19. Be3 Bxe2 20. Nfxe2 Nc4
21. Bc5 Rfe8 22. b3 Rd5 23. Bd4 Nxd4 24. Nxd4 Na3 25. Nde2 h5 26. Nf4 Rd2 27.
Rfd1 Bxc3 28. Rxd2 Bxd2 29. Nd5 Kg7 30. Nc7 Rc8 31. Nxa6 Rc2 32. Ne4 Ba5 33. b4
Bb6 34. Nac5 Rc4 35. Nd7 Bd4 36. Rd1 Rxb4 37. g3 Rb1 38. Rxb1 Nxb1 39. Nd6 b4
40. Nb5 Bb2 41. Nc5 Nc3 42. Nd3 Nxb5 43. Nxb2 Nc3 44. Kf1 Kf6 45. Ke1 Nxa2 46.
Kd2 Ke5 47. Kd3 Kd5 48. f3 Nc1+ 49. Kd2 Nb3+ 50. Ke3 Nc5 51. h4 Ne6 52. g4 f5
53. gxh5 f4+ 54. Kd2 gxh5 55. Nd3 Kc4 56. Ne5+ Kd4 57. Nc6+ Kc5 58. Ne5 Nd4 59.
Nd3+ Kc4 60. Nxf4 b3 61. Kc1 Nxf3 62. Kb2 Ne1 63. Nxh5 Nd3+ 64. Kb1 Kc3 65. Ng3
b2 66. Ne2+ Kb3 67. h5 Ne5 68. h6 Nc4 69. Nd4+ Kc3 70. Nb5+ Kb3 71. Nd4+
1/2-1/2

[Event "D-HS-MM Dresden (TU) 1-Augsburg (Uni) 1"]
[Site "Augsburg"]
[Date "2010.10.07"]
[Round "2.4"]
[White "Boettger, Lukas"]
[Black "Demel, Paul"]
[Result "1-0"]
[WhiteElo "2093"]
[BlackElo "2094"]
[PlyCount "79"]
[EventDate "2010.10.06"]

1. d4 Nf6 2. c4 g6 3. Nc3 Bg7 4. e4 d6 5. f3 O-O 6. Be3 c5 7. d5 a6 8. Nge2 e6
9. a4 Re8 10. Ng3 h5 11. Be2 exd5 12. cxd5 h4 13. Nf1 Nbd7 14. Nd2 Ne5 15. O-O
Rb8 16. h3 Qb6 17. Ra3 Nh7 18. f4 Nd7 19. Qc2 f5 20. Nc4 Qc7 21. e5 dxe5 22. d6
Qc6 23. Rd1 b5 24. axb5 axb5 25. Na5 Qb6 26. b4 exf4 27. bxc5 Nxc5 28. Nd5 Qxd6
29. Bxc5 Qe5 30. Nc6 Qxe2 31. Qxe2 Rxe2 32. Nxb8 Bb7 33. Ra7 Bxd5 34. Rxd5 Re8
35. Nc6 Ng5 36. Rd8 Rxd8 37. Nxd8 Ne4 38. Bb6 b4 39. Ne6 Be5 40. Bd4 1-0

[Event "D-HS-MM Leipzig (Uni) 1-Augsburg (Uni) 2"]
[Site "Augsburg"]
[Date "2010.10.07"]
[Round "2.2"]
[White "Boehlig, Heinz"]
[Black "Giannino, Domenico"]
[Result "1/2-1/2"]
[WhiteElo "2174"]
[BlackElo "1943"]
[PlyCount "26"]
[EventDate "2010.10.06"]

1. Nf3 d5 2. c4 c6 3. b3 Nf6 4. Bb2 Bf5 5. e3 e6 6. Be2 Be7 7. O-O O-O 8. Nh4
Bxb1 9. Rxb1 Ne4 10. Nf3 Bf6 11. Qc2 Bxb2 12. Qxb2 Nd7 13. d3 Nef6 1/2-1/2

[Event "D-HS-MM Leipzig (Uni) 1-Augsburg (Uni) 2"]
[Site "Augsburg"]
[Date "2010.10.07"]
[Round "2.3"]
[White "Schaad, Simon Ulrich Maria"]
[Black "Pruefer, Friedbert"]
[Result "0-1"]
[WhiteElo "1549"]
[BlackElo "2080"]
[PlyCount "30"]
[EventDate "2010.10.06"]

1. d4 Nf6 2. Nc3 g6 3. e4 d6 4. Bg5 Bg7 5. e5 dxe5 6. dxe5 Ng4 7. Qxd8+ Kxd8 8.
O-O-O+ Bd7 9. Nh3 Nxe5 10. f4 Ng4 11. Bc4 f6 12. Bh4 Ne3 13. Rxd7+ Nxd7 14. Bd5
Nxd5 15. Nxd5 c6 0-1

[Event "D-HS-MM Dresden (TU) 2-Augsburg (Uni) 3"]
[Site "Augsburg"]
[Date "2010.10.07"]
[Round "2.1"]
[White "Melzner, Lukas"]
[Black "Siedentopf, Daniel"]
[Result "1/2-1/2"]
[WhiteElo "2089"]
[BlackElo "2261"]
[PlyCount "103"]
[EventDate "2010.10.06"]

1. c4 f5 2. Nc3 Nf6 3. g3 g6 4. Bg2 Bg7 5. e3 d6 6. Nge2 O-O 7. O-O e5 8. d3 c6
9. b4 Be6 10. b5 d5 11. bxc6 Nxc6 12. cxd5 Nxd5 13. Nxd5 Bxd5 14. e4 fxe4 15.
Bxe4 Qd7 16. Be3 Rfd8 17. Nc3 Be6 18. Qa4 Rac8 19. Rab1 Bf8 20. Rfc1 Nd4 21.
Qxd7 Rxd7 22. Bxd4 exd4 23. Ne2 Rxc1+ 24. Rxc1 b5 25. Bc6 Rd8 26. Bxb5 Bxa2 27.
Ra1 Bd5 28. Rxa7 Bc5 29. Rd7 Rxd7 30. Bxd7 Kf7 31. Nf4 Bb3 32. h4 h6 33. Bc6
Kf6 34. Kg2 g5 35. Nh5+ Ke5 36. f4+ gxf4 37. Nxf4 Be7 38. Kf3 Bf6 39. Ng6+ Kd6
40. Be4 Be6 41. Nf4 Bd7 42. Bg6 Ke5 43. Bh7 Bd8 44. g4 Bc6+ 45. Be4 Be8 46. Ng2
Ba4 47. Kg3 Bd1 48. Bf3 Bc2 49. Ne1 Bb3 50. Be2 Bd5 51. Nc2 Be7 52. Ne1 1/2-1/2

[Event "D-HS-MM Dresden (TU) 2-Augsburg (Uni) 3"]
[Site "Augsburg"]
[Date "2010.10.07"]
[Round "2.2"]
[White "Rudolf, Sebastian"]
[Black "Zikeli, Saskia"]
[Result "1-0"]
[WhiteElo "2241"]
[BlackElo "2020"]
[PlyCount "31"]
[EventDate "2010.10.06"]

1. e4 c5 2. Nf3 d6 3. d4 cxd4 4. Nxd4 Nf6 5. f3 e5 6. Nb3 d5 7. Bg5 Be6 8. Bxf6
gxf6 9. exd5 Qxd5 10. Qxd5 Bxd5 11. Nc3 Bxb3 12. axb3 Bb4 13. O-O-O Bxc3 14.
bxc3 Nd7 15. Bb5 Rd8 16. Rxd7 1-0

[Event "D-HS-MM Dresden (TU) 2-Augsburg (Uni) 3"]
[Site "Augsburg"]
[Date "2010.10.07"]
[Round "2.3"]
[White "Yin, Stanley"]
[Black "Zimmermann, Rene"]
[Result "1-0"]
[WhiteElo "1899"]
[BlackElo "2079"]
[PlyCount "66"]
[EventDate "2010.10.06"]

1. c4 e5 2. g3 f5 3. Bg2 Nf6 4. Nc3 d6 5. e3 Be7 6. Nge2 c6 7. d4 O-O 8. O-O
Na6 9. a3 Nc7 10. b4 Rb8 11. a4 Be6 12. d5 cxd5 13. cxd5 Bf7 14. Ba3 e4 15. Bh3
Bh5 16. Bxf5 Bf3 17. Qd4 Ng4 18. Bxg4 Bf6 19. Qc4 Bxg4 20. Rac1 Bxc3 21. Rxc3
Rc8 22. Nf4 Bf3 23. Rfc1 Qf6 24. Bb2 Qf5 25. Qxc7 Rxc7 26. Rxc7 Rf7 27. Rc8+
Rf8 28. Ne6 Rxc8 29. Rxc8+ Kf7 30. Rf8+ Kg6 31. Rxf5 Kxf5 32. Nd4+ Kg6 33. Nxf3
exf3 1-0

[Event "D-HS-MM Dresden (TU) 2-Augsburg (Uni) 3"]
[Site "Augsburg"]
[Date "2010.10.07"]
[Round "2.4"]
[White "Kunze, Christopher"]
[Black "Sedelmayr, Werner"]
[Result "1-0"]
[WhiteElo "2003"]
[BlackElo "1660"]
[PlyCount "59"]
[EventDate "2010.10.06"]

1. e4 d5 2. exd5 Nf6 3. Bb5+ Bd7 4. Be2 Nxd5 5. d4 Nc6 6. c4 Nb6 7. Be3 g6 8.
d5 Ne5 9. Bd4 f6 10. Nd2 Bh6 11. Ngf3 Nxf3+ 12. Nxf3 O-O 13. O-O e5 14. dxe6
Bxe6 15. Qc2 Qd7 16. Rad1 Qf7 17. b3 Rad8 18. a4 Nd7 19. Bc3 Bg7 20. Nd4 Ne5
21. Rfe1 Bc8 22. c5 Qe7 23. f4 Qxc5 24. fxe5 fxe5 25. b4 Qe7 26. Nf3 Bf5 27.
Qb2 Rfe8 28. Rxd8 Qxd8 29. Bc4+ Kh8 30. Nxe5 1-0

[Event "D-HS-MM Mannheim (Uni) 1-Muenster (Uni) 1"]
[Site "Augsburg"]
[Date "2010.10.07"]
[Round "2.1"]
[White "Werner, Daniel"]
[Black "Fruebing, Stefan"]
[Result "0-1"]
[WhiteElo "2091"]
[BlackElo "2329"]
[PlyCount "94"]
[EventDate "2010.10.06"]

1. e4 c5 2. Nf3 Nc6 3. d4 cxd4 4. Nxd4 g6 5. Nc3 Bg7 6. Be3 Nf6 7. Bc4 O-O 8.
Bb3 d6 9. f3 Bd7 10. Qd2 Rc8 11. O-O-O Nxd4 12. Bxd4 b5 13. e5 dxe5 14. Bxe5
Bc6 15. Qxd8 Rfxd8 16. Rxd8+ Rxd8 17. Rd1 Bh6+ 18. Kb1 Rxd1+ 19. Nxd1 Nd7 20.
Bd4 a5 21. c4 b4 22. Ne3 e6 23. Ng4 Bg7 24. Bxg7 Kxg7 25. Kc1 g5 26. Kd2 f5 27.
Nf2 Kf6 28. Ke3 e5 29. Bc2 h5 30. Nd3 g4 31. Nc1 Nb6 32. Bd3 Na4 33. Nb3 gxf3
34. gxf3 Nxb2 35. Nxa5 f4+ 36. Ke2 Bxf3+ 37. Kxf3 Nxd3 38. Nc6 Ke6 39. Ke4 Kd6
40. Nd8 Nc5+ 41. Kf3 Kd7 42. Nf7 Ke6 43. Nd8+ Kf5 44. Ke2 Ke4 45. Nc6 f3+ 46.
Kd2 b3 47. axb3 Nxb3+ 0-1

[Event "D-HS-MM Mannheim (Uni) 1-Muenster (Uni) 1"]
[Site "Augsburg"]
[Date "2010.10.07"]
[Round "2.2"]
[White "Sohl, Jan"]
[Black "Rehfeldt, Frank"]
[Result "1/2-1/2"]
[WhiteElo "2133"]
[BlackElo "2037"]
[PlyCount "42"]
[EventDate "2010.10.06"]

1. e4 c6 2. d4 d5 3. e5 c5 4. dxc5 e6 5. a3 Bxc5 6. Qg4 Bf8 7. Nf3 Ne7 8. Bd3
Nbc6 9. b4 Qc7 10. Bb2 Nf5 11. O-O Nce7 12. Re1 g6 13. Nbd2 Bg7 14. Qh3 h5 15.
Ng5 Bd7 16. Rac1 b5 17. Nb3 a6 18. Nc5 Bh6 19. f4 Bc6 20. Qf3 Ra7 21. Kh1 Ra8
1/2-1/2

[Event "D-HS-MM Mannheim (Uni) 1-Muenster (Uni) 1"]
[Site "Augsburg"]
[Date "2010.10.07"]
[Round "2.3"]
[White "Hokamp, Sascha"]
[Black "Hummel, Dennis"]
[Result "1-0"]
[WhiteElo "2017"]
[BlackElo "1932"]
[PlyCount "120"]
[EventDate "2010.10.06"]

1. d4 Nf6 2. Nf3 e6 3. Nbd2 d5 4. e3 c5 5. b3 Nc6 6. Ba3 b6 7. Bb5 Bd7 8. O-O
Bd6 9. Re1 O-O 10. e4 dxe4 11. Nxe4 Nxe4 12. Rxe4 Qc7 13. dxc5 bxc5 14. Bb2
Rad8 15. Bd3 Ne7 16. Ne5 Bc6 17. Nxc6 Qxc6 18. Rh4 f5 19. Qe2 Ng6 20. Bb5 Qb7
21. Ra4 Nf4 22. Qf1 e5 23. Ba6 Qa8 24. Re1 e4 25. g3 Ng6 26. Qb5 Be5 27. Bc1
Bd4 28. c3 Bf6 29. Qxc5 Ne5 30. Be2 Rd7 31. Be3 Re8 32. Rxa7 Rxa7 33. Qxa7 Qxa7
34. Bxa7 Ra8 35. Bd4 Rxa2 36. b4 Rc2 37. Bd1 Rb2 38. Bh5 g6 39. Be2 Kf7 40. Kf1
Rc2 41. Ra1 g5 42. Ra7+ Kg6 43. Ra6 Kg7 44. b5 f4 45. gxf4 gxf4 46. Re6 f3 47.
Bd1 Rc1 48. Ke1 Kf7 49. Rxe5 Bxe5 50. Bxe5 e3 51. fxe3 f2+ 52. Kxf2 Rxd1 53. b6
Rb1 54. Bc7 Ke6 55. e4 Kd7 56. Ke3 Kc6 57. Kf4 Rc1 58. Kf5 Rxc3 59. Ke6 Re3 60.
Kf5 Re2 {restliche Zuege nicht mehr notiert} 1-0

[Event "D-HS-MM Mannheim (Uni) 1-Muenster (Uni) 1"]
[Site "Augsburg"]
[Date "2010.10.07"]
[Round "2.4"]
[White "Schreck, Alexander"]
[Black "Herud, Martin"]
[Result "1/2-1/2"]
[WhiteElo "1772"]
[BlackElo "1951"]
[PlyCount "100"]
[EventDate "2010.10.06"]

1. d4 d5 2. c4 c6 3. Nc3 e6 4. e3 Nf6 5. Nf3 Nbd7 6. Qc2 Be7 7. b3 O-O 8. Bd3
Re8 9. O-O Qc7 10. Bb2 Bf8 11. Ne5 Nxe5 12. dxe5 Ng4 13. Bxh7+ Kh8 14. h3 Nxe5
15. cxd5 exd5 16. Nxd5 Qd6 17. Nf4 Qh6 18. Bf5 Bd6 19. Bxc8 Raxc8 20. Rad1 Rcd8
21. Qf5 Ng6 22. Nxg6+ fxg6 23. Qg4 Rf8 24. Rd4 Bc5 25. Rxd8 Rxd8 26. Rd1 Rxd1+
27. Qxd1 Qg5 28. Qd7 Qe7 29. Qxe7 Bxe7 30. Kf1 Kg8 31. Ke2 Kf7 32. Kd3 Bf8 33.
Kc4 Ke6 34. e4 g5 35. f3 g6 36. a4 Bd6 37. Bd4 a6 38. Bb6 Ke5 39. Be3 b5+ 40.
axb5 cxb5+ 41. Kd3 Be7 42. g3 Ke6 43. f4 Bd6 44. e5 Be7 45. Ke4 gxf4 46. gxf4
a5 47. Bd2 a4 48. bxa4 bxa4 49. Bc3 a3 50. Ba1 a2 1/2-1/2

[Event "D-HS-MM Poznanska (FH) 2-Muenster (Uni) 2"]
[Site "Augsburg"]
[Date "2010.10.07"]
[Round "2.1"]
[White "Wolffgang, Georg"]
[Black "Sikorska, Agata"]
[Result "0-1"]
[WhiteElo "1793"]
[BlackElo "2096"]
[PlyCount "58"]
[EventDate "2010.10.06"]

1. d4 Nf6 2. Bg5 d5 3. Bxf6 exf6 4. e3 Bd6 5. c4 dxc4 6. Bxc4 O-O 7. Ne2 Nd7 8.
Ng3 g6 9. Ne4 Be7 10. a3 f5 11. Nec3 Nf6 12. Nd2 b6 13. Qf3 Rb8 14. Nd5 Bb7 15.
Nxe7+ Qxe7 16. Qf4 Bxg2 17. Rg1 Be4 18. Nxe4 Qxe4 19. Qh6 Ng4 20. Rxg4 fxg4 21.
Kd2 Qf5 22. Qh4 c5 23. Bd3 Qd7 24. Rg1 cxd4 25. Rxg4 dxe3+ 26. fxe3 Rbd8 27.
Rd4 Qc7 28. Rc4 Qe5 29. Rb4 Rfe8 0-1

[Event "D-HS-MM Poznanska (FH) 2-Muenster (Uni) 2"]
[Site "Augsburg"]
[Date "2010.10.07"]
[Round "2.2"]
[White "Kaczmarek, Piotr"]
[Black "Zarubin, Ilja"]
[Result "1-0"]
[WhiteElo "1842"]
[BlackElo "1743"]
[PlyCount "87"]
[EventDate "2010.10.06"]

1. d4 g6 2. c4 Nf6 3. Nc3 Bg7 4. e4 d6 5. Be3 O-O 6. f3 c5 7. dxc5 dxc5 8. Qxd8
Rxd8 9. Bxc5 Nc6 10. a3 Nd7 11. Be3 Nde5 12. Rb1 Be6 13. Nd5 Rac8 14. h3 Kf8
15. f4 Nd7 16. Nf3 Na5 17. Nd2 b6 18. Be2 f5 19. e5 b5 20. Bxa7 bxc4 21. Nb6
Rc6 22. Nxd7+ Rxd7 23. Be3 g5 24. g3 Bd5 25. Rg1 e6 26. Kf2 Rb7 27. Rgd1 Ke8
28. Nf3 gxf4 29. gxf4 Nb3 30. Nd4 Nxd4 31. Bxd4 Bf8 32. Bh5+ Kd8 33. Bf3 Be7
34. Bxd5 exd5 35. Rg1 Rb3 36. Rg8+ Kd7 37. Bc3 Rh6 38. Rd1 Ke6 39. Ra8 Rxh3 40.
Ra6+ Kf7 41. Rxd5 Rb8 42. Ra7 Rd3 43. Rxd3 cxd3 44. Bb4 1-0

[Event "D-HS-MM Poznanska (FH) 2-Muenster (Uni) 2"]
[Site "Augsburg"]
[Date "2010.10.07"]
[Round "2.3"]
[White "Braun, Oskar"]
[Black "Fengier, Jakub"]
[Result "0-1"]
[WhiteElo "1717"]
[BlackElo "2002"]
[PlyCount "68"]
[EventDate "2010.10.06"]

1. d4 d5 2. c4 c6 3. Nf3 Nf6 4. Nc3 dxc4 5. a4 Bf5 6. e3 e6 7. Bxc4 Bb4 8. O-O
Nbd7 9. Qb3 a5 10. Na2 c5 11. dxc5 Nxc5 12. Bb5+ Ke7 13. Qd1 Qxd1 14. Rxd1 Bc2
15. Rd2 Bxd2 16. Bxd2 Bxa4 17. Nc3 Bxb5 18. Nxb5 Nb3 19. Ra4 Nxd2 20. Nxd2 Rhd8
21. Nd4 e5 22. N4f3 b5 23. Ra1 a4 24. Kf1 Nd7 25. Ne4 f6 26. Nc3 Rdb8 27. Ne1
Nc5 28. Nc2 Ke6 29. Nb4 Nb3 30. Ra2 Rc8 31. Ke1 Rc5 32. Nd3 Rc4 33. Nxb5 Rd8
34. Rxa4 Rxa4 0-1

[Event "D-HS-MM Poznanska (FH) 2-Muenster (Uni) 2"]
[Site "Augsburg"]
[Date "2010.10.07"]
[Round "2.4"]
[White "Sobierska, Wioletta"]
[Black "Stumpe, Danny"]
[Result "1/2-1/2"]
[WhiteElo "1986"]
[BlackElo "1461"]
[PlyCount "40"]
[EventDate "2010.10.06"]

1. e4 g6 2. Nf3 Bg7 3. d4 d6 4. Be2 Nf6 5. Nc3 O-O 6. O-O Nbd7 7. Bg5 Nb6 8.
Qd2 c6 9. a4 Bg4 10. Rfd1 Qc7 11. Qf4 e5 12. Qg3 exd4 13. Nxd4 Bxe2 14. Ndxe2
Nc4 15. Qd3 d5 16. Rab1 Nxe4 17. Nxe4 Nxb2 18. Qg3 Qxg3 19. N4xg3 Nxd1 20. Rxd1
Rfe8 1/2-1/2

[Event "D-HS-MM Poznanska (FH) 1-Leipzig (Uni) 1"]
[Site "Augsburg"]
[Date "2010.10.07"]
[Round "3.1"]
[White "Schoeneberg, Manfred"]
[Black "Chojnacki, Krzysztof"]
[Result "0-1"]
[WhiteElo "2233"]
[BlackElo "2248"]
[PlyCount "76"]
[EventDate "2010.10.06"]

1. e4 e5 2. Nc3 Nf6 3. g3 Bb4 4. Bg2 Bxc3 5. bxc3 O-O 6. Ne2 c6 7. d4 exd4 8.
cxd4 d6 9. O-O Re8 10. Nc3 Nbd7 11. f4 c5 12. d5 Qa5 13. Bd2 b5 14. a3 Qb6 15.
Kh1 Bb7 16. Re1 a5 17. a4 b4 18. Nb5 Ba6 19. c4 bxc3 20. Bxc3 Bxb5 21. Rb1 Bxa4
22. Qxa4 Qa6 23. Bf1 Qc8 24. Bb5 Re7 25. Bc6 Rb8 26. e5 Rxb1 27. Rxb1 dxe5 28.
Rb7 Kf8 29. Qxa5 Ne4 30. Ra7 Nb8 31. Ra8 Nxg3+ 32. Kg2 Ne4 33. f5 g6 34. Qb6
Qxf5 35. Qxb8+ Kg7 36. Bxe5+ Qxe5 37. Qf8+ Kf6 38. Qd8 Qg5+ {und Schwarz gewann
} 0-1

[Event "D-HS-MM Poznanska (FH) 1-Leipzig (Uni) 1"]
[Site "Augsburg"]
[Date "2010.10.07"]
[Round "3.2"]
[White "Lubczynski, Rafal"]
[Black "Boehlig, Heinz"]
[Result "1-0"]
[WhiteElo "2419"]
[BlackElo "2174"]
[PlyCount "69"]
[EventDate "2010.10.06"]

1. Nf3 Nf6 2. c4 e6 3. g3 b6 4. Bg2 Bb7 5. O-O Be7 6. d4 O-O 7. Nc3 Ne4 8. Bd2
d6 9. Qc2 Nxd2 10. Qxd2 Nd7 11. Rad1 Bf6 12. Qc2 g6 13. h4 Bg7 14. e4 Qe7 15.
Rfe1 c5 16. d5 e5 17. Bh3 h6 18. h5 g5 19. Nh2 Nf6 20. Qe2 Bc8 21. Bxc8 Rfxc8
22. Nf1 Qd7 23. Ne3 a6 24. a4 Ne8 25. Rb1 Rab8 26. b4 cxb4 27. Rxb4 Qc7 28.
Reb1 Qc5 29. Qb2 Qd4 30. Nf5 Qd3 31. Ne7+ Kf8 32. Nxc8 Rxc8 33. Rc1 Rxc4 34.
Rxc4 Qxc4 35. Qxb6 1-0

[Event "D-HS-MM Poznanska (FH) 1-Leipzig (Uni) 1"]
[Site "Augsburg"]
[Date "2010.10.07"]
[Round "3.3"]
[White "Pruefer, Friedbert"]
[Black "Panocki, Adrian"]
[Result "1/2-1/2"]
[WhiteElo "2080"]
[BlackElo "2354"]
[PlyCount "74"]
[EventDate "2010.10.06"]

1. d4 Nf6 2. c4 g6 3. Nc3 d5 4. cxd5 Nxd5 5. e4 Nxc3 6. bxc3 Bg7 7. Bc4 c5 8.
Ne2 O-O 9. O-O Nc6 10. Be3 Bg4 11. f3 Na5 12. Bd3 cxd4 13. cxd4 Be6 14. d5 Bxa1
15. Qxa1 f6 16. Bh6 Re8 17. Kh1 Rc8 18. Nf4 Bd7 19. e5 Nc4 20. e6 Ba4 21. Nxg6
hxg6 22. Bxg6 Ne5 23. Be4 Bc2 24. Bxc2 Rxc2 25. Qd1 Qc8 26. f4 Kh7 27. fxe5
Kxh6 28. exf6 Rg8 29. f7 Rgxg2 30. f8=Q+ Qxf8 31. Rxf8 Rxh2+ 32. Kg1 Rcg2+ 33.
Kf1 Rh1+ 34. Kxg2 Rxd1 35. Rd8 Kg6 36. Kf3 Kf6 37. Ke4 Re1+ 1/2-1/2

[Event "D-HS-MM Poznanska (FH) 1-Leipzig (Uni) 1"]
[Site "Augsburg"]
[Date "2010.10.07"]
[Round "3.4"]
[White "Maciejczak, Jakub"]
[Black "Kalies, Grit"]
[Result "1-0"]
[WhiteElo "2327"]
[BlackElo "1935"]
[PlyCount "58"]
[EventDate "2010.10.06"]

1. e4 d6 2. d4 Nf6 3. Nc3 g6 4. f3 Bg7 5. Be3 Nbd7 6. Qd2 e5 7. Nge2 c6 8. g4
Qa5 9. Nc1 exd4 10. Bxd4 Ne5 11. Be2 Be6 12. Nb3 Qc7 13. g5 Nh5 14. f4 c5 15.
Nb5 Qb6 16. Bc3 Ng4 17. Bxg7 Nxg7 18. h3 a6 19. Nc3 Nf2 20. Kxf2 O-O-O 21. Kg2
Rhe8 22. Rad1 c4 23. Qd4 Qc7 24. Qxg7 cxb3 25. axb3 Kb8 26. Qd4 Qa5 27. b4 Qc7
28. b5 a5 29. b6 Qc6 1-0

[Event "D-HS-MM Augsburg (Uni) 1-Dresden (TU) 2"]
[Site "Augsburg"]
[Date "2010.10.07"]
[Round "3.1"]
[White "Siedentopf, Daniel"]
[Black "Grimberg, Boris"]
[Result "0-1"]
[WhiteElo "2261"]
[BlackElo "2331"]
[PlyCount "148"]
[EventDate "2010.10.06"]

1. d4 g6 2. c4 Bg7 3. Nc3 d6 4. e4 e5 5. Nge2 Nc6 6. Be3 Nh6 7. d5 Ne7 8. f3 f5
9. Qd2 Nf7 10. O-O-O O-O 11. Kb1 c5 12. a3 a6 13. b4 b6 14. Ka1 Bd7 15. Nc1
cxb4 16. axb4 b5 17. cxb5 axb5+ 18. Kb2 Nc8 19. Nb3 Nb6 20. Na5 Qb8 21. Nc6
Bxc6 22. dxc6 d5 23. Bxb6 Qxb6 24. Qxd5 Qf2+ 25. Rd2 Qa7 26. Bxb5 Rfd8 27.
Qxd8+ Rxd8 28. Rxd8+ Nxd8 29. Rd1 Nxc6 30. Bxc6 h5 31. Rd2 Qe3 32. Re2 Qd4 33.
Kb3 Bf8 34. Nd5 Qd3+ 35. Nc3 Qd6 36. b5 Qa3+ 37. Kc4 Bc5 38. Rc2 Bg1 39. Bd5+
Kg7 40. Kd3 Qc5 41. h3 Qd4+ 42. Ke2 Qe3+ 43. Kd1 Qd3+ 44. Kc1 Bd4 45. Nd1 Qxb5
46. Bc4 Qb4 47. exf5 gxf5 48. Bd3 Qf8 49. Rc7+ Kh6 50. Rc6+ Kg7 51. Kd2 Qa8 52.
Rc4 Kf6 53. Ke2 Qg8 54. Kf1 Qd5 55. Ra4 Kg5 56. Ra6 h4 57. Be2 Bc5 58. Ke1 Qd4
59. Ra2 Qg1+ 60. Bf1 Kf6 61. Rc2 e4 62. fxe4 fxe4 63. Nf2 Bxf2+ 64. Rxf2+ Ke5
65. Ke2 Qh2 66. Kd1 Qg3 67. Rc2 Qb3 68. Kc1 Kd4 69. Rd2+ Kc3 70. Re2 Qa3+ 71.
Kb1 Qb4+ 72. Kc1 Qd4 73. Rc2+ Kb3 74. Rb2+ Qxb2+ 0-1

[Event "D-HS-MM Augsburg (Uni) 1-Dresden (TU) 2"]
[Site "Augsburg"]
[Date "2010.10.07"]
[Round "3.2"]
[White "Billing, Christian"]
[Black "Rudolf, Sebastian"]
[Result "1/2-1/2"]
[WhiteElo "2273"]
[BlackElo "2241"]
[PlyCount "68"]
[EventDate "2010.10.06"]

1. Nf3 c5 2. g3 Nc6 3. Bg2 g6 4. O-O Bg7 5. c4 Nh6 6. e4 Ng4 7. h3 Nge5 8. Nxe5
Nxe5 9. d3 d6 10. Nc3 O-O 11. f4 Nc6 12. f5 Nd4 13. g4 e6 14. fxg6 fxg6 15.
Rxf8+ Qxf8 16. Be3 Bd7 17. Kh1 Rb8 18. Qd2 Qe7 19. Rf1 Rf8 20. Rxf8+ Qxf8 21.
Qf2 Qxf2 22. Bxf2 Be5 23. Bxd4 Bxd4 24. e5 Bxe5 25. Bxb7 Kf7 26. Kg2 Ke7 27.
Kf3 Be8 28. g5 a5 29. Nd1 Bf7 30. Ke4 Bg7 31. b3 h6 32. h4 h5 33. Ne3 Bc3 34.
a4 Bd4 1/2-1/2

[Event "D-HS-MM Augsburg (Uni) 1-Dresden (TU) 2"]
[Site "Augsburg"]
[Date "2010.10.07"]
[Round "3.3"]
[White "Zimmermann, Rene"]
[Black "Nuber, Korbinian"]
[Result "0-1"]
[WhiteElo "2079"]
[BlackElo "2192"]
[PlyCount "80"]
[EventDate "2010.10.06"]

1. d4 g6 2. e4 Bg7 3. c4 Nc6 4. Be3 e5 5. Ne2 d6 6. Nbc3 Nh6 7. h3 f5 8. dxe5
Nxe5 9. Nd4 fxe4 10. Nxe4 O-O 11. Be2 Nf5 12. Nxf5 Bxf5 13. Ng5 h6 14. Qd5+ Kh8
15. Ne6 c6 16. Nxd8 cxd5 17. Nxb7 Nxc4 18. Bxc4 dxc4 19. O-O Bd3 20. Rfe1 Bxb2
21. Rad1 Bc3 22. Bxh6 Bxe1 23. Bxf8 Rxf8 24. Rxe1 d5 25. Nc5 Bc2 26. Re2 Bf5
27. g4 Rc8 28. gxf5 Rxc5 29. f6 Kg8 30. Kf1 d4 31. Ke1 d3 32. Re8+ Kf7 33. Rd8
c3 34. Kd1 c2+ 35. Kc1 Rc3 36. Rd6 g5 37. f3 a5 38. a4 Ra3 39. Kd2 Ra1 40. Rc6
Rd1+ 0-1

[Event "D-HS-MM Augsburg (Uni) 1-Dresden (TU) 2"]
[Site "Augsburg"]
[Date "2010.10.07"]
[Round "3.4"]
[White "Demel, Paul"]
[Black "Kunze, Christopher"]
[Result "0-1"]
[WhiteElo "2094"]
[BlackElo "2003"]
[PlyCount "78"]
[EventDate "2010.10.06"]

1. e4 c5 2. Nf3 Nc6 3. d4 cxd4 4. Nxd4 Nf6 5. Nc3 e5 6. Ndb5 d6 7. Bg5 a6 8.
Na3 b5 9. Nd5 Be7 10. Bxf6 Bxf6 11. c3 Bg5 12. Nc2 Rb8 13. Bd3 O-O 14. h4 Bh6
15. Qe2 Be6 16. g4 Bf4 17. a4 bxa4 18. Ncb4 Bxd5 19. Nxd5 Qa5 20. Kf1 Qd8 21.
Bxa6 Ne7 22. Nxe7+ Qxe7 23. Rxa4 Qd7 24. Ra2 d5 25. Bd3 d4 26. Kg2 Rfc8 27. Bc4
dxc3 28. Rd1 Qc7 29. b3 Qe7 30. Kh3 Rd8 31. Rd3 Bd2 32. Rf3 Rf8 33. Qd1 Rb6 34.
Qe2 Rh6 35. h5 g6 36. Rg3 Qg5 37. Kg2 Bf4 38. Rxc3 gxh5 39. f3 hxg4 0-1